| 000 | 00809nam a2200229 i 4500 | ||
|---|---|---|---|
| 001 | 76275 | ||
| 003 | ES-MaACL | ||
| 005 | 20260130141914.0 | ||
| 007 | t| | ||
| 008 | 040930s1902 fr ||||1| fre d | ||
| 100 | 1 |
_aGroos, Karl, _d1861-1946 _960136 |
|
| 245 | 1 | 4 |
_aLes jeux des animaux / _cpar K. Groos,... ; traduit de l'allemand par A. Dirr et A. Van Gennep. |
| 260 |
_aParis : _bF. Alcan, _c1902 ( _eVersailles : _fCerf) |
||
| 300 |
_aVIII, 375 p. ; _c23 cm. |
||
| 490 | 1 | _aBibliothèque de philosophie contemporaine | |
| 650 | 4 |
_aAnimales- _xPsicología. _9135571 |
|
| 700 | 1 |
_aDirr, Adolph, _d1867-1930 _9126806 |
|
| 700 | 1 |
_aGennep, Arnold van, _d1873-1957 _956326 |
|
| 830 | 0 |
_aBibliothèque de philosophie contemporaine _9181027 |
|
| 852 |
_aES-MaACL _jB-6566 |
||
| 999 |
_c76275 _d76275 |
||